Könige von Bayern - mit Bild - Statistiken

Allgemein
  • Dieses Quiz wurde 72 mal gespielt
  • Das Durchschnittsergebnis liegt bei 4 aus 13
Antwortstatistiken
Bildquiz Hint Antwort % Korrekt
1864-1886 (Wittelsbacher) Ludwig II.
74%
788-814 (Karolinger) Karl der Große
68%
1825-1848 (Wittelsbacher) Ludwig I.
65%
1886-1916 (Wittelsbacher) Otto I.
52%
1913-1918 (Wittelsbacher) Ludwig III.
51%
1806-1825 (Wittelsbacher) Maximilian I. Joseph
51%
1848-1864 (Wittelsbacher) Maximilian II. Joseph
45%
814-817 (Karolinger) Lothar I.
13%
817-865 (Karolinger) Ludwig II. der Deutsche
10%
882-887 (Karolinger) Ludwig III.
6%
899-907 (Karolinger) Ludwig IV. das Kind
6%
887-899 (Karolinger) Arnolf von Kärnten
3%
865-880 (Karolinger) Karlmann
1%
Keine übereinstimmenden Quizze gefunden
Verteilung der Resultate
Anzahl Personen mit jedem Resultat
Perzentil nach korrekt beantworteten Fragen
Ihre Resultats-Entwicklung
Sie haben dieses Quiz noch nicht gespielt